Životospráva /

Hlavní autor: Emerson, Ralph Waldo, 1803-1882
Jazyk: Čeština
Vydáno: V Praze : Jan Laichter, 1906
Edice: Emerson, Ralph Waldo, 1803-1882. Spisy
Otázky a názory (Jan Laichter)
Fyzický popis: xiii, 291 s. ; 16 cm
Knihy
Uloženo v:
LEADER 00980nam a22003012a 4500
001 000177299
003 CZ BrMZK
005 20100719153223.0
007 ta
008 950101s1906 xr f cze d
015 |a cnb000591801 
020 |q (Váz.) 
035 |a (OCoLC)85475970 
040 |a ABA001  |b cze  |c HKA001  |d ABA001  |d BOA001 
041 1 |a cze  |h eng 
100 1 |a Emerson, Ralph Waldo,  |d 1803-1882  |7 jn20000601484  |4 aut 
245 1 0 |a Životospráva /  |c Ralph Waldo Emerson ; z anglického přeložil Jan Mrazík 
260 |a V Praze :  |b Jan Laichter,  |c 1906 
300 |a xiii, 291 s. ;  |c 16 cm 
490 1 |a Otázky a názory ;  |v 17 
490 1 |a Spisy ;  |v 1 
765 0 |t Conduct of life  |9 Česky 
800 1 |a Emerson, Ralph Waldo,  |d 1803-1882.  |t Spisy  |0 s 
830 0 |a Otázky a názory (Jan Laichter)  |0 s 
910 |a BOA001  |b 1-0024.408,17 
990 |a BK 
993 |a Y 
996 6 |b 2619991849  |c 1-0024.408,17  |l MZK  |r Sklad / do 1 hodiny  |n 9  |w 000177299  |u 000010  |a 1  |e BOA001  |j MZK50  |s P